Регионална библиотека "Любен Каравелов" - Русе

Ubungsgrammatik fur Fortgeschrittene (Запис номер 112946)

MARC детайли
000 -Лидер
Контролно поле с фиксирана дължина 01178nam a2200337 c 4500
003 - Код на организацията, давaща контролен номер
Контролно поле BLK
005 - Дата и час на последна редакция
Контролно поле 20190129145521.0
008 - Елементи от данни с фиксирана дължина
fixed length control field 180409b bul|||||r ||||||| ||bul||
010 ## - Наследен системен номер
LC control number KNG00118330000
020 ## - Международен стандартен номер на книга ISBN
Международен стандартен номер на книга ISBN 954-516-129-9
-- издат.: Littera - на том
040 ## - Източник на каталожния запис
Идентификатор на билиотеката - собственик на записа BLK
041 ## - Код за език
Код за езика на текст/звукозапис или на отделно заглавие Немски
Код за езика КДБФ Немски
080 ## - УДК
Текстов определител УДК Немски език (високонемски, стандартен писмен)
УДК код - определител по УДК 811.112.2
УДК определител -5(075.4)
УДК - код + определител 811.112.2-5(075.4)
100 1# - Редна дума - Автор
Автор Hall, Karin
Авторска отговорност първи автор
R(LIN) 264815
139 ## - Редно поле
Редна дума Hall, Karin et al.
Авторски знак Hall - H 19
245 10 - Сведения за заглавието
Заглавие Ubungsgrammatik fur Fortgeschrittene
Редно поле (дума) Karin Hall; съавт. Barbara Scheiner.
Заглавие на том Lehrbuch
257 ## - Страна на издаване
Страна на създаване/издаване България
260 ## - Област на издателските данни
-- Plovdiv
Година на издаване 1997
300 ## - Физическа характеристика
Размери/Мащаб 23 см
380 ## - Жанр
Жанр Езикознание. Филология
650 #4 - Допълнително описание по предмет – тема
Основно описание – тема или топоним Немски език - граматика
9 (RLIN) 244518
653 ## - Ключова дума – ненормативна
Ключова дума немски език
653 ## - Ключова дума – ненормативна
Ключова дума граматика
700 1# - Други автори (авторска отговорност)
Лично име Scheiner, Barbara
Автороска отговорност (Описва отношението между автора и произведението) съавт.
9 (RLIN) 264816
760 1# - Описание на основната серия
-- - на том
Редна дума на основното описание Hall, Karin
Място на издаване, издател и година Littera
Страници - том 336 c.
Заглавие Lehrbuch
852 ## - Местоположение
Форматна сигнатура Цб 194345
856 4# - Електронен адрес и достъп
Електронен формат pdf - файл
Път до файла /url/
856 4# - Електронен адрес и достъп
Електронен формат pdf - файл
Път до файла /url/
942 ## - АРТИКУЛИ
Вид на библиотечния материал Книги
Скрит в OPAC Не
Koha issues (borrowed), all copies 2
944 ## - СЪЗДАВАНЕ И РЕДАКЦИЯ на ЗАПИСА
Създаване/Редакция Създаване
Дата на регистрацията/редакция 07.06.2007
Служител, извършил регистрацията/редакцията Теодора_Стоянова
944 ## - СЪЗДАВАНЕ И РЕДАКЦИЯ на ЗАПИСА
Създаване/Редакция Редакция
Дата на регистрацията/редакция 19.03.2015
Служител, извършил регистрацията/редакцията Теодора_Стоянова
999 ## - СИСТЕМНИ КОНТРОЛНИ НОМЕРА
Koha biblionumber 112946
Koha biblioitemnumber 112946
Наличности
Код за отписване Код за изгубен артикул Източник на класификационната схема Код за повреда Коз за рестрикции Код за отдаване Артикулен № Име на библиотеката - собственик Име на библиотеката, в която се намира в момента Статус (Текущо местоположение) Дата на вписване в системата Местоположение - отдел Цена в лева Инвентарен номер Систематично азбучна сигнатура Баркод Номер на екземпляра Цена в евро Служебен тип на артикула Служебна бележка
  Не е изгубен Universal Decimal Classification Не е повреден без рестрикции заемане за дома 180941 Регионална библиотека "Любен Каравелов" Русе Регионална библиотека "Любен Каравелов" Русе ЧЧЗО - нем. ез. - Гьоте инст. 2024-05-10 ЧЧЗО - нем. ез. - Гьоте инст. 25.00 120000906097 Ч5 803.0-5/H 19 120000906097 1 12.78 Книги  
  Не е изгубен   Не е повреден без рестрикции заемане за дома 180942 Регионална библиотека "Любен Каравелов" Русе Регионална библиотека "Любен Каравелов" Русе ЧЧЗО - англ. ез. - Британски съвет   ЧЧЗО - англ. ез. - Британски съвет 0.00 636577 Ч3 803.0-5/H 19 636577 2 0.00 Книги Дата инв: 19.03.2015 Бележки инв: Ч32015
  Не е изгубен Universal Decimal Classification Не е повреден без рестрикции ползва се в читалня 786265 Регионална библиотека "Любен Каравелов" Русе Регионална библиотека "Любен Каравелов" Русе Хранилище 2020-07-27 Хранилище 0.00 636015 Цб 194345 120000636015   0.00 Книги  
Vip Innovations Ltd, Rousse, Bulgaria 2025